| 000 | 00455nmm a22001697a 4500 | ||
|---|---|---|---|
| 005 | 20170209153748.0 | ||
| 008 | 150728b xxu||||| |||| 00| 0 spa d | ||
| 041 | _aEspañol | ||
| 082 | _aMD 72 | ||
| 100 |
_aRamírez Zamora, Marianela _93955 |
||
| 245 | _aInforme de Práctica Supervisada realizado MOBAR | ||
| 260 | _c2012 | ||
| 650 |
_aCOSTA RICA _939078 |
||
| 650 |
_aMECÁNICA DENTAL _939079 |
||
| 650 |
_aIMPLANTES DENTALES _939080 |
||
| 942 | _cIP | ||
| 999 |
_c6736 _d6736 |
||